Cybernetics and forecasting techniques / (Record no. 35094)
[ view plain ]
| 000 -LEADER | |
|---|---|
| fixed length control field | 01176nam a22003011 4500 |
| 001 - CONTROL NUMBER | |
| control field | 35094 |
| 003 - CONTROL NUMBER IDENTIFIER | |
| rucl marc code | BD-RjUL |
| 005 - DATE AND TIME OF LATEST TRANSACTION | |
| control field | 20211209052246.0 |
| 008 - FIXED-LENGTH DATA ELEMENTS--GENERAL INFORMATION | |
| fixed length control field | 140521s1967 nyua b 001 0 eng d |
| 035 ## - SYSTEM CONTROL NUMBER | |
| System control number | (BD-RjUL)35188 |
| System control number | (OCoLC)537162 |
| 040 ## - CATALOGING SOURCE | |
| Original cataloging agency | DLC |
| Transcribing agency | ODaWU |
| Modifying agency | OCoLC |
| -- | DLC |
| -- | BD-RjUL |
| Language of cataloging | eng |
| 041 1# - LANGUAGE CODE | |
| Language code of text/sound track or separate title | eng |
| Language code of original | rus |
| 082 ## - DEWEY DECIMAL CLASSIFICATION NUMBER | |
| Classification number | 001.533 |
| Author mark and year | IVC 1967 |
| 100 1# - MAIN ENTRY--PERSONAL NAME | |
| Personal name | Ivakhnenko, A. G. |
| 9 (RLIN) | 106856 |
| 245 10 - TITLE STATEMENT | |
| Title | Cybernetics and forecasting techniques / |
| Statement of responsibility, etc. | by A.G. Ivakhnenko and V.G. Lapa. Translated by Scripta Technica, inc. Translation editor: Robert N. McDonough. |
| 260 ## - PUBLICATION, DISTRIBUTION, ETC. (IMPRINT) | |
| Place of publication, distribution, etc. | New York : |
| Name of publisher, distributor, etc. | American Elsevier Pub. Co., |
| Date of publication, distribution, etc. | 1967. |
| 300 ## - PHYSICAL DESCRIPTION | |
| Pagination | xxvii, 168 p. : |
| Illustrations | ill. ; |
| Size | 24 cm. |
| 500 ## - GENERAL NOTE | |
| General note | Translation of: Kiberneticheskie predskazyvai︠u︡shchie ustroĭstva (romanized form). |
| 504 ## - BIBLIOGRAPHY, ETC. NOTE | |
| Bibliography, etc | Bibliography: p. 163-166. and Index |
| 650 #0 - SUBJECT ADDED ENTRY--TOPICAL TERM | |
| Topical term or geographic name as entry element | Self-organizing systems. |
| 9 (RLIN) | 25262 |
| Topical term or geographic name as entry element | Electric filters. |
| 9 (RLIN) | 39744 |
| 700 1# - ADDED ENTRY--PERSONAL NAME | |
| Personal name | Lapa, V. G. |
| Fuller form of name | (Valentin Grigorʹevich), |
| Relator term | joint author. |
| 942 ## - ADDED ENTRY ELEMENTS (KOHA) | |
| Source of classification or shelving scheme | Dewey Decimal Classification |
| Koha item type | Books |
| Lost status | Source of classification or shelving scheme | Damaged status | Not for loan | Collection code | Permanent Location | Current Location | Shelving location | Date acquired | Source of acquisition | Cost, normal purchase price | Total Checkouts | Full call number | Date last seen | Copy number | Koha item type |
|---|---|---|---|---|---|---|---|---|---|---|---|---|---|---|---|
| Dewey Decimal Classification | Not For Loan | Non-fiction | Central Library, University of Rajshahi | Central Library, University of Rajshahi | Reading Room | 07/04/1979 | Netherland.. | 0.00 | 001.533 IVC 1967 | 21/05/2014 | C-1 | Books | |||
| Dewey Decimal Classification | Non-fiction | Central Library, University of Rajshahi | Central Library, University of Rajshahi | 07/04/1979 | Netherland | 001.533 IVC 1967 | 05/04/2017 | C-2 | Books |